000 01275nam a22002297a 4500
999 _c57840
_d57840
003 Ge_BSU
005 20250508104845.0
008 210315s2020 ge ||||| |||| 00| 0 geo d
020 _a9789941132391
041 _ageo
080 _a33.01+339.13 პ-18
100 _aპაპავა, ვლადიმერ (ლადო)
_910450
245 _aარატრადიციული ეკონომიკსი :მეთოდოლოგია და მეთოდიკა /
_cვლადიმერ (ლადო) პაპავა ; სამეცნ. რედაქტორი რამაზ აბესაძე.
250 _aმე-2 შევსებული და განახლებული გამოცემა
264 _aთბილისი :
_bთსუ,
_c2020.
300 _a418 გვ.
_b21 სმ.
504 _aბიბლიოგრ.თავების ბოლოს
653 _aეკონომიკა
700 _aაბესაძე, რამაზ
_eსამეცნ. რედაქტორი
_9905
710 _aთსუ
_bპაატა გუგუშვილის სახელობის ეკონომიკის ინსტიტუტი
_910451
942 _2udc
_cBK